5HLuxD.jpg

KING HENRY VIII SENIOR AND PRIMARY SCHOOL LIBRARY OPAC

Complete geography for Cambridge IGCSE & O level / (Record no. 2666)

000 -LEADER
fixed length control field 01667cam a2200445 i 4500
001 - CONTROL NUMBER
control field 20717488
003 - CONTROL NUMBER IDENTIFIER
control field OSt
005 - DATE AND TIME OF LATEST TRANSACTION
control field 20230809141039.0
008 - FIXED-LENGTH DATA ELEMENTS--GENERAL INFORMATION
fixed length control field 181024s2018 enka 001 0 eng d
010 ## - LIBRARY OF CONGRESS CONTROL NUMBER
LC control number 2018418074
015 ## - NATIONAL BIBLIOGRAPHY NUMBER
National bibliography number GBB856107
Source bnb
015 ## - NATIONAL BIBLIOGRAPHY NUMBER
National bibliography number GBB864856
Source bnb
016 7# - NATIONAL BIBLIOGRAPHIC AGENCY CONTROL NUMBER
Record control number 018804975
Source Uk
016 7# - NATIONAL BIBLIOGRAPHIC AGENCY CONTROL NUMBER
Record control number 018827657
Source Uk
020 ## - INTERNATIONAL STANDARD BOOK NUMBER
International Standard Book Number 9780198424956
Qualifying information (pbk.)
035 ## - SYSTEM CONTROL NUMBER
System control number (OCoLC)on1052068092
040 ## - CATALOGING SOURCE
Original cataloging agency NLE
Language of cataloging eng
Transcribing agency NLE
Description conventions rda
Modifying agency OCLCO
-- OCLCF
-- UKMGB
-- HUA
-- OCLCQ
-- OCL
-- DLC
-- KH8
042 ## - AUTHENTICATION CODE
Authentication code lccopycat
082 04 - DEWEY DECIMAL CLASSIFICATION NUMBER
Classification number 910 KEL
100 1# - MAIN ENTRY--PERSONAL NAME
Personal name Kelly, David
Titles and words associated with a name (Geographer),
Relator term author.
245 10 - TITLE STATEMENT
Title Complete geography for Cambridge IGCSE & O level /
Statement of responsibility, etc. David Kelly, Muriel Fretwell.
250 ## - EDITION STATEMENT
Edition statement Second edition.
264 #1 - PRODUCTION, PUBLICATION, DISTRIBUTION, MANUFACTURE, AND COPYRIGHT NOTICE
Place of production, publication, distribution, manufacture Oxford :
Name of producer, publisher, distributor, manufacturer Oxford University Press,
Date of production, publication, distribution, manufacture, or copyright notice 2018.
300 ## - PHYSICAL DESCRIPTION
Extent ix, 366 pages :
Other physical details color illustrations ;
Dimensions 28 cm
336 ## - CONTENT TYPE
Content type term text
Content type code txt
Source rdacontent
337 ## - MEDIA TYPE
Media type term unmediated
Media type code n
Source rdamedia
338 ## - CARRIER TYPE
Carrier type term volume
Carrier type code nc
Source rdacarrier
500 ## - GENERAL NOTE
General note Includes index.
650 #0 - SUBJECT ADDED ENTRY--TOPICAL TERM
Topical term or geographic name entry element Geography
General subdivision Examinations
Form subdivision Study guides.
650 #0 - SUBJECT ADDED ENTRY--TOPICAL TERM
Topical term or geographic name entry element Geography
General subdivision Study and teaching (Secondary)
650 #0 - SUBJECT ADDED ENTRY--TOPICAL TERM
Topical term or geographic name entry element International General Certificate of Secondary Education
Form subdivision Study guides.
650 #7 - SUBJECT ADDED ENTRY--TOPICAL TERM
Topical term or geographic name entry element International General Certificate of Secondary Education.
Source of heading or term fast
Authority record control number or standard number (OCoLC)fst00976661
650 #7 - SUBJECT ADDED ENTRY--TOPICAL TERM
Topical term or geographic name entry element Geography
General subdivision Study and teaching (Secondary)
Source of heading or term fast
Authority record control number or standard number (OCoLC)fst00940548
650 #7 - SUBJECT ADDED ENTRY--TOPICAL TERM
Topical term or geographic name entry element Geography
General subdivision Examinations.
Source of heading or term fast
Authority record control number or standard number (OCoLC)fst00940484
650 #7 - SUBJECT ADDED ENTRY--TOPICAL TERM
Topical term or geographic name entry element Geography.
Source of heading or term fast
Authority record control number or standard number (OCoLC)fst00940469
655 #7 - INDEX TERM--GENRE/FORM
Genre/form data or focus term Study guides.
Source of term fast
Authority record control number or standard number (OCoLC)fst01423888
700 1# - ADDED ENTRY--PERSONAL NAME
Personal name Fretwell, Muriel,
Relator term author.
906 ## - LOCAL DATA ELEMENT F, LDF (RLIN)
a 7
b cbc
c copycat
d 2
e ncip
f 20
g y-gencatlg
942 ## - ADDED ENTRY ELEMENTS (KOHA)
Source of classification or shelving scheme
Koha item type Teaching Resources
Holdings
Withdrawn status Lost status Source of classification or shelving scheme Damaged status Not for loan Collection code Permanent Location Current Location Shelving location Date acquired Total Checkouts Full call number Barcode Date due Date last seen Date last checked out Copy number Price effective from Koha item type
          Teaching Resources KH8 Senior School Library KH8 Senior School Library Staff Office 2023-08-09 2 910 KEL TRKHSL001488 2026-07-03 2025-09-04 2025-09-04 1 2023-08-09 Teaching Resources
          Teaching Resources KH8 Senior School Library KH8 Senior School Library Staff Office 2024-09-09 2 910 KEL TRKHSL005624 2026-07-03 2025-09-04 2025-09-04 2 2024-09-09 Teaching Resources
          Teaching Resources KH8 Senior School Library KH8 Senior School Library Staff Office 2024-09-09 2 910 KEL TRKHSL005625 2026-07-03 2025-09-04 2025-09-04 3 2024-09-09 Teaching Resources
          Teaching Resources KH8 Senior School Library KH8 Senior School Library Staff Office 2024-09-09 1 910 KEL TRKHSL005626 2025-07-04 2024-11-07 2024-11-07 4 2024-09-09 Teaching Resources
          Teaching Resources KH8 Senior School Library KH8 Senior School Library Staff Office 2024-09-25 2 910 KEL TRKHSL005723 2026-07-03 2025-09-04 2025-09-04 5 2024-09-25 Teaching Resources
          Teaching Resources KH8 Senior School Library KH8 Senior School Library Staff Office 2024-10-09 2 910 KEL TRKHSL005758 2026-07-03 2025-09-04 2025-09-04 6 2024-10-09 Teaching Resources
          Teaching Resources KH8 Senior School Library KH8 Senior School Library Staff Office 2024-10-09 1 910 KEL TRKHSL005759 2025-07-04 2024-11-07 2024-11-07 7 2024-10-09 Teaching Resources
          Teaching Resources KH8 Senior School Library KH8 Senior School Library Staff Office 2024-10-09 2 910 KEL TRKHSL005760 2026-07-03 2025-09-04 2025-09-04 8 2024-10-09 Teaching Resources
          Teaching Resources KH8 Senior School Library KH8 Senior School Library Staff Office 2024-10-09 2 910 KEL TRKHSL005761 2026-07-03 2025-09-04 2025-09-04 9 2024-10-09 Teaching Resources
          Teaching Resources KH8 Senior School Library KH8 Senior School Library Staff Office 2024-10-09 2 910 KEL TRKHSL005762 2026-07-03 2025-09-04 2025-09-04 10 2024-10-09 Teaching Resources
          Teaching Resources KH8 Senior School Library KH8 Senior School Library Staff Office 2024-10-09 2 910 KEL TRKHSL005763 2026-07-03 2025-09-04 2025-09-04 11 2024-10-09 Teaching Resources
          Teaching Resources KH8 Senior School Library KH8 Senior School Library Staff Office 2024-12-23   910 KEL TRKHSL006242   2024-12-23   12 2024-12-23 Teaching Resources
          Teaching Resources KH8 Senior School Library KH8 Senior School Library Staff Office 2024-12-23   910 KEL TRKHSL006243   2024-12-23   13 2024-12-23 Teaching Resources
          Teaching Resources KH8 Senior School Library KH8 Senior School Library Staff Office 2024-12-23   910 KEL TRKHSL006244   2024-12-23   14 2024-12-23 Teaching Resources
          Teaching Resources KH8 Senior School Library KH8 Senior School Library Staff Office 2024-12-23   910 KEL TRKHSL006245   2024-12-23   15 2024-12-23 Teaching Resources
          Teaching Resources KH8 Senior School Library KH8 Senior School Library Staff Office 2024-12-23 2 910 KEL TRKHSL006246 2026-07-03 2025-08-15 2025-08-15 16 2024-12-23 Teaching Resources

Powered By KH8 IT Dept